000 00458nam a2200181Ia 4500
008 210210b2003 xxu||||| |||| 00| 0 eng d
020 _a1 4051 2771 6
082 _a612.3 GIBN
100 _aGIBNEY (Michael J) and Others
245 _aNutrition and metabolism
260 _aOxford
_bBlackwell Science Ltd
_c2003
300 _axiv,385
650 _aNutrition
650 _ametabolism
650 _aand
690 _aMedical Science
906 _aSG04438
999 _c115210
_d115210